000 00288nam a2200109Ia 4500
008 200302s9999 xx 000 0 und d
100 _aPeter Buchanan
245 _aRenzo Piano Building Workshop - Complete Works Vol. 5
260 _bPhaidon Press Limited
260 _c2008
300 _a279 P
999 _c4387
_d4387